[Event "Faxe EMT 2001"]
[Site "Faxe"]
[Date "2001.04.04"]
[Round "3"]
[White "Toftvang, Ove"]
[Black "Lund, Gunnar"]
[Result "1-0"]
[WhiteElo "1202"]
[BlackElo "1300"]
[PlyCount "121"]
[EventDate "2001.??.??"]

1. e4 e5 2. Nf3 Nc6 3. a3 Nf6 4. Nc3 a6 5. Bc4 h6 6. d3 Bc5 7. O-O d6 8. h3 Qe7
9. Nd5 Nxd5 10. exd5 Nd4 11. c3 Nxf3+ 12. Qxf3 Bd7 13. b4 Ba7 14. a4 c6 15. Re1
O-O-O 16. dxc6 Bxc6 17. Bd5 Bxd5 18. Qxd5 Qf6 19. Be3 Bxe3 20. Rxe3 Qe7 21. b5
a5 22. b6 Kd7 23. Qb5+ Ke6 24. d4 Qd7 25. Rxe5+ Kf6 26. Qxd7 Rxd7 27. Rxa5 Re8
28. Rb5 d5 29. a5 Ra8 30. Re1 Kg6 31. Rc5 f6 32. Rb1 Re8 33. Kf1 Rb8 34. Rb3
Rbd8 35. Rc7 Kf5 36. f3 Ke6 37. Rc5 Ke7 38. Rc7 Kd6 39. Rxd7+ Rxd7 40. Ke2 Re7+
41. Kd2 Re8 42. g4 Rc8 43. Kd3 Rc4 44. Rb4 Rc8 45. h4 g6 46. c4 Ra8 47. Rb5
dxc4+ 48. Kxc4 Rc8+ 49. Rc5 Ra8 50. Kb5 Rb8 51. a6 bxa6+ 52. Kxa6 Ra8+ 53. Kb5
Rb8 54. Ka6 Ra8+ 55. Kb7 Re8 56. Ka7 Re3 57. b7 Ra3+ 58. Kb8 Kd7 59. d5 Rxf3
60. Rc7+ Kd6 61. Kc8 1-0

[Event "Faxe EMT 2001"]
[Site "Faxe"]
[Date "2001.04.04"]
[Round "3"]
[White "Bigum, Vagn"]
[Black "Hansen, Knud"]
[Result "0-1"]
[WhiteElo "1000"]
[BlackElo "1763"]
[PlyCount "29"]
[EventDate "2001.??.??"]

1. b4 d5 2. Bb2 e6 3. a3 Nf6 4. f4 Be7 5. Nf3 O-O 6. d3 a6 7. g3 Nbd7 8. Bg2
Ng4 9. Qd2 Bf6 10. d4 Nb6 11. Ne5 Bxe5 12. dxe5 Nc4 13. Qd4 Nge3 14. Kf2 Nxc2
15. Qc3 0-1

[Event "Faxe EMT 2001"]
[Site "Faxe"]
[Date "2001.04.04"]
[Round "3"]
[White "Jensen, Niels"]
[Black "Eriksen, Knud Ejler"]
[Result "0-1"]
[WhiteElo "1277"]
[BlackElo "1166"]
[PlyCount "110"]
[EventDate "2001.??.??"]

1. e4 e5 2. Bc4 Nf6 3. d3 Bc5 4. h3 O-O 5. Nf3 d6 6. O-O a6 7. a3 h6 8. Nc3 Nc6
9. Ne2 b5 10. Ba2 Bb7 11. Ng3 Ne7 12. Nh4 Bc8 13. Ngf5 Nxf5 14. Nxf5 Bxf5 15.
exf5 Qd7 16. Qf3 c6 17. Be3 Ba7 18. Rad1 d5 19. c3 Qd6 20. b4 Bb8 21. Qg3 Kh7
22. Bc5 Qd8 23. Bxf8 Qxf8 24. Qf3 Qd6 25. g3 Bc7 26. Rfe1 Qd7 27. Bb1 Rf8 28.
Kg2 g6 29. fxg6+ fxg6 30. Bc2 Kg7 31. Qe2 Nh5 32. Qg4 Qf7 33. Rd2 Bb6 34. Ree2
a5 35. Bb1 Nf6 36. Qf3 Qe6 37. Re1 h5 38. Qe2 Bc7 39. Ba2 Nh7 40. Qe3 Qf5 41.
Bb1 Ng5 42. Rh1 Nf3 43. Re2 h4 44. g4 Qf6 45. Rd1 Rf7 46. Rf1 Bb8 47. Qc1 Ng5
48. Qe3 Nf3 49. Qc1 Ba7 50. Ba2 Ng5 51. f3 Nxf3 52. Bb1 e4 53. dxe4 Qe5 54.
Rxf3 Rxf3 55. Qe1 Rg3+ 0-1

[Event "Faxe EMT 2001"]
[Site "Faxe"]
[Date "2001.04.04"]
[Round "3"]
[White "Manly, Arne"]
[Black "Hansen, Egon"]
[Result "0-1"]
[WhiteElo "1466"]
[BlackElo "1691"]
[PlyCount "60"]
[EventDate "2001.??.??"]

1. d4 Nf6 2. c4 g6 3. Nc3 d5 4. Nf3 c6 5. c5 Bg7 6. Bf4 O-O 7. a3 Nbd7 8. Qc2
Re8 9. e3 Nh5 10. O-O-O e5 11. Bxe5 Nxe5 12. Nxe5 Bxe5 13. dxe5 Rxe5 14. Rd4
Qe7 15. b4 Ng7 16. Bd3 Ne6 17. Rg4 Nxc5 18. Rg3 Nxd3+ 19. Qxd3 Bf5 20. Qd2 Re8
21. Re1 Qd8 22. f4 R5e6 23. Qd4 b6 24. Rf3 Qh4 25. Rh1 Be4 26. Rg3 Qd8 27. h4
c5 28. bxc5 Rc6 29. cxb6 Rc4 30. Qd2 Qxb6 0-1

[Event "Faxe EMT 2001"]
[Site "Faxe"]
[Date "2001.04.04"]
[Round "3"]
[White "Nielsen, Johannes"]
[Black "Hansen, Erik Friberg"]
[Result "1/2-1/2"]
[WhiteElo "1300"]
[BlackElo "1119"]
[PlyCount "78"]
[EventDate "2001.??.??"]

1. e4 e5 2. Nf3 Nc6 3. d4 exd4 4. Nxd4 Nf6 5. f3 Bc5 6. c3 O-O 7. b4 Bxd4 8.
cxd4 Nxb4 9. Ba3 a5 10. Be2 Re8 11. O-O d6 12. Nd2 c6 13. Bb2 Be6 14. a3 Na6
15. Rc1 Nc7 16. h3 Nh5 17. f4 Ng3 18. Rf3 Nxe2+ 19. Qxe2 f5 20. Qf2 fxe4 21.
Re3 d5 22. Nb3 Qc8 23. Qg3 Bf5 24. a4 Re6 25. Rc2 Rg6 26. Qh2 Qd8 27. g4 Qh4
28. Qg3 Qxg3+ 29. Rxg3 Bd7 30. Rcg2 Rf6 31. f5 b6 32. Bc1 h6 33. g5 Rxf5 34.
gxh6 Kh7 35. Rxg7+ Kh8 36. Rxd7 Ne8 37. h7 Nf6 38. Rdg7 Nxh7 39. h4 Raf8
1/2-1/2

[Event "Faxe EMT 2001"]
[Site "Faxe"]
[Date "2001.04.04"]
[Round "3"]
[White "Rasmussen, Arne"]
[Black "Hansen, Mogens Egon"]
[Result "1-0"]
[WhiteElo "1243"]
[BlackElo "1363"]
[PlyCount "73"]
[EventDate "2001.??.??"]

1. d4 Nf6 2. Nf3 e6 3. Nc3 d5 4. a3 c5 5. e3 cxd4 6. exd4 Nc6 7. Bb5 Bd7 8. O-O
a6 9. Ba4 Be7 10. Re1 O-O 11. Bf4 Nh5 12. Be3 Nf6 13. Bb3 Na5 14. Ba2 Rc8 15.
Ne5 Nc4 16. Bxc4 dxc4 17. Qe2 b5 18. Rad1 Bc6 19. Bg5 Nd5 20. Bxe7 Qxe7 21.
Nxc6 Rxc6 22. Nxd5 Qd8 23. Nc3 Rd6 24. Qg4 Qf6 25. Ne4 Qd8 26. Nxd6 Qxd6 27. h3
h6 28. Qg3 Qc6 29. Qf3 Qd6 30. Qg3 Qc6 31. Re5 Rd8 32. c3 Qd7 33. Qf3 f6 34.
Ree1 Qd6 35. Qe2 Kf7 36. Qh5+ Kf8 37. Qc5 1-0

[Event "Faxe EMT 2001"]
[Site "Faxe"]
[Date "2001.04.18"]
[Round "4"]
[White "Jensen, Leif"]
[Black "Liebermann, Alexander"]
[Result "1/2-1/2"]
[WhiteElo "2052"]
[BlackElo "1951"]
[PlyCount "103"]
[EventDate "2001.??.??"]

1. e4 e5 2. Nc3 Nc6 3. Bc4 Nf6 4. d3 h6 5. a3 Be7 6. f4 exf4 7. Bxf4 d6 8. Qd2
Ne5 9. Bb3 Ng6 10. Nf3 c6 11. O-O-O Be6 12. Bxe6 fxe6 13. Kb1 e5 14. Be3 c5 15.
Qe1 O-O 16. Qg3 Kh7 17. h4 Qd7 18. Ng5+ Kg8 19. Nf3 Qg4 20. Qxg4 Nxg4 21. Nd5
Bd8 22. Kc1 Ne7 23. Nxe7+ Bxe7 24. Kd2 Rf7 25. Rdf1 Raf8 26. Ke2 b5 27. g3 a5
28. Nd2 a4 29. Rxf7 Rxf7 30. c4 Rf8 31. cxb5 Rb8 32. Rc1 Rxb5 33. Nc4 Kf7 34.
Rc2 Ke6 35. Bd2 Bd8 36. Bc1 h5 37. Ne3 Nxe3 38. Bxe3 Be7 39. Bc1 d5 40. exd5+
Kxd5 41. Rc4 Ra5 42. Bd2 Ra8 43. Re4 Bf6 44. Kd1 Ra6 45. Kc2 Be7 46. Bc3 Bd6
47. Re2 Ra8 48. Re4 Ra7 49. Kd1 Ra8 50. Ke2 Ra7 51. Be1 Rb7 52. Bc3 1/2-1/2

[Event "Faxe EMT 2001"]
[Site "Faxe"]
[Date "2001.04.18"]
[Round "4"]
[White "Eckert, Svend"]
[Black "Wehlast, Svend Erik"]
[Result "1-0"]
[WhiteElo "1642"]
[BlackElo "1323"]
[PlyCount "121"]
[EventDate "2001.??.??"]

1. c4 c5 2. e3 e5 3. Nc3 Nc6 4. Nf3 h6 5. d4 exd4 6. exd4 cxd4 7. Nxd4 Bb4 8.
Ndb5 a6 9. Nd6+ Bxd6 10. Qxd6 Qe7+ 11. Qxe7+ Ngxe7 12. Be3 O-O 13. Be2 Re8 14.
O-O-O b5 15. Rhe1 bxc4 16. Bxc4 Nf5 17. Nd5 Rb8 18. Bf4 Rxe1 19. Rxe1 d6 20.
Re8+ Kh7 21. g4 g5 22. Bd2 Nfd4 23. h3 Be6 24. Bd3+ Kg7 25. Rxb8 Nxb8 26. Ne7
Bxa2 27. Bc3 Kf8 28. Nc8 Nb3+ 29. Kd1 Nc5 30. Bf5 Na4 31. Bf6 d5 32. Bc2 Nxb2+
33. Bxb2 Bc4 34. Nb6 Nc6 35. Nxc4 dxc4 36. Bc3 a5 37. Be4 Nb4 38. Bxb4+ axb4
39. Bd5 c3 40. Kc2 Ke7 41. Kd3 Kd6 42. Bxf7 Kc5 43. Bb3 Kb5 44. Kd4 Kc6 45. Kc4
Kd6 46. Kxb4 Ke5 47. Kxc3 Ke4 48. Bd1 Ke5 49. Kd3 Kf6 50. Ke4 Kg6 51. f4 gxf4
52. Kxf4 Kf6 53. h4 Kg6 54. Ke5 Kf7 55. Bc2 Kg7 56. Ke6 h5 57. g5 Kh8 58. Kf6
Kg8 59. g6 Kh8 60. g7+ Kg8 61. Bb3+ 1-0

[Event "Faxe EMT 2001"]
[Site "Faxe"]
[Date "2001.04.18"]
[Round "4"]
[White "Nielsen, Poul Erik2"]
[Black "Hansen, Ove Bonnelykke"]
[Result "0-1"]
[WhiteElo "1399"]
[BlackElo "1604"]
[PlyCount "96"]
[EventDate "2001.??.??"]

1. Nf3 Nf6 2. c4 e6 3. Nc3 b6 4. d4 Bb7 5. e4 Nxe4 6. Bd3 Nxc3 7. bxc3 g6 8.
Bg5 f6 9. Be3 Bg7 10. O-O O-O 11. Qd2 d6 12. Rad1 Nd7 13. Bh6 Qe7 14. Rde1 Bxf3
15. gxf3 f5 16. Bxg7 Kxg7 17. Kh1 Rae8 18. Rg1 Qh4 19. Rg3 e5 20. Bf1 Qf4 21.
Qb2 exd4 22. Rxe8 Rxe8 23. cxd4 Re1 24. Kg2 Qc1 25. Qxc1 Rxc1 26. Bd3 Kf6 27.
f4 Ra1 28. a4 Rxa4 29. h4 h5 30. Re3 Kf7 31. Bc2 Ra1 32. Bb3 c5 33. d5 Nf8 34.
Re2 a6 35. Ra2 Rxa2 36. Bxa2 b5 37. cxb5 axb5 38. Kf3 Nd7 39. Ke3 Nb6 40. Kd3
Ke7 41. f3 Kd7 42. Ke3 Kc7 43. Kd3 Na4 44. Kc2 Kb6 45. Kb3 Ka5 46. Kc2 c4 47.
Kd2 Kb4 48. Kc2 Nc3 0-1

[Event "Faxe EMT 2001"]
[Site "Faxe"]
[Date "2001.04.18"]
[Round "4"]
[White "Eriksen, Knud Ejler"]
[Black "Jensen, Herman"]
[Result "1/2-1/2"]
[WhiteElo "1166"]
[BlackElo "1590"]
[PlyCount "101"]
[EventDate "2001.??.??"]

1. e4 c5 2. Nf3 Nf6 3. Nc3 g6 4. Bc4 Bg7 5. d3 Nc6 6. a3 O-O 7. O-O d6 8. Ne2
Bg4 9. Ng3 Bxf3 10. Qxf3 Ne5 11. Qe2 Nxc4 12. dxc4 Nd7 13. Rb1 Qc7 14. Bg5 Rae8
15. c3 e6 16. Qd2 Nb6 17. b3 f6 18. Be3 Rf7 19. f3 a5 20. Qd3 Kh8 21. Kh1 f5
22. b4 f4 23. Bf2 fxg3 24. Bxg3 cxb4 25. cxb4 Qxc4 26. Qxd6 Nc8 27. Qd2 Qc3 28.
Qa2 axb4 29. Rxb4 Rd7 30. Rb3 Qc4 31. Qb1 Na7 32. Rc1 Qa6 33. h3 Nc6 34. Rc5
Nd4 35. Rd3 e5 36. Rd1 Qxa3 37. Rc4 b5 38. Rd3 Qa6 39. Rb4 Rb7 40. Qb2 Qc6 41.
Rc3 Qe6 42. Ra3 Bf8 43. Rd3 Bxb4 44. Qxb4 Qc4 45. Bxe5+ Rxe5 46. Qf8+ Qg8 47.
Qf6+ Qg7 48. Qd8+ Qg8 49. Qf6+ Qg7 50. Qd8+ Qg8 51. Qf6+ 1/2-1/2

[Event "Faxe EMT 2001"]
[Site "Faxe"]
[Date "2001.04.18"]
[Round "4"]
[White "Andreasen, Per Anthoni"]
[Black "Toftvang, Ove"]
[Result "1-0"]
[WhiteElo "1538"]
[BlackElo "1202"]
[PlyCount "63"]
[EventDate "2001.??.??"]

1. d4 d5 2. c4 e6 3. Nc3 Nf6 4. Bg5 Be7 5. e3 Nc6 6. Nf3 b6 7. Qa4 Bd7 8. cxd5
exd5 9. Bxf6 Bxf6 10. Nxd5 Na5 11. Nxf6+ Qxf6 12. Qc2 c6 13. Qa4 Be6 14. b4 Nb7
15. Qxc6+ Bd7 16. Qxb7 Bc6 17. Bb5 O-O 18. Qxc6 Qe7 19. a3 Rac8 20. Qd7 Qe4 21.
O-O Qc2 22. Rac1 Qxc1 23. Rxc1 Rxc1+ 24. Bf1 h6 25. Ne5 g5 26. g4 Ra1 27. Kg2
Rxa3 28. Bc4 Rc3 29. Bxf7+ Kg7 30. Bg6+ Kf6 31. Qd6+ Kg7 32. Qe7+ 1-0

[Event "Faxe EMT 2001"]
[Site "Faxe"]
[Date "2001.04.18"]
[Round "4"]
[White "Hansen, Knud"]
[Black "Karstensen, Preben"]
[Result "1-0"]
[WhiteElo "1763"]
[BlackElo "1647"]
[PlyCount "111"]
[EventDate "2001.??.??"]

1. e4 e6 2. d4 d5 3. e5 c5 4. c3 cxd4 5. cxd4 Nc6 6. Nf3 Nge7 7. Bd3 Ng6 8. O-O
Be7 9. a3 Bd7 10. g3 a6 11. Re1 b5 12. Nc3 Na5 13. b3 b4 14. Ne2 bxa3 15. Bxa3
Bxa3 16. Rxa3 Qb6 17. Nd2 Nc6 18. Nf3 O-O 19. Qd2 Nb4 20. Bb1 Rfc8 21. Nc3 Ne7
22. Na4 Bxa4 23. bxa4 a5 24. Rb3 Qc6 25. Ra3 Qd7 26. Kg2 Rc4 27. Rd1 Rac8 28.
h4 h6 29. g4 Qe8 30. h5 Qf8 31. Rg1 f6 32. exf6 Qxf6 33. Ne5 R4c7 34. Rg3 Qg5
35. Qxg5 hxg5 36. Rh3 Rc1 37. Rhh1 Rxg1+ 38. Rxg1 Nc2 39. Rd1 Nb4 40. Nf3 Kf7
41. Nxg5+ Kf6 42. f4 Nc2 43. Kg3 Rc4 44. Nf3 Nc6 45. g5+ Kf7 46. Bxc2 Rxc2 47.
Ne5+ Nxe5 48. fxe5 Rc3+ 49. Kf4 Rc4 50. g6+ Kg8 51. Ke3 Rxa4 52. Rb1 Ra3+ 53.
Kd2 Rf3 54. Rb8+ Rf8 55. Rxf8+ Kxf8 56. Kc3 1-0

[Event "Faxe EMT 2001"]
[Site "Faxe"]
[Date "2001.04.18"]
[Round "4"]
[White "Bigum, Vagn"]
[Black "Rasmussen, Arne"]
[Result "1/2-1/2"]
[WhiteElo "1000"]
[BlackElo "1243"]
[PlyCount "47"]
[EventDate "2001.??.??"]

1. f4 d6 2. Nf3 Nc6 3. e3 a6 4. b3 Bg4 5. Bb2 Nf6 6. Be2 e6 7. O-O Qd7 8. Qe1
O-O-O 9. d3 Kb8 10. h3 Bxf3 11. Bxf3 Rg8 12. Qc3 Be7 13. Bxc6 Qxc6 14. Qxc6
bxc6 15. Nd2 Nd5 16. Nc4 Kc8 17. e4 Nb6 18. Ne3 d5 19. e5 d4 20. Nc4 Nxc4 21.
bxc4 c5 22. Bc1 Kd7 23. f5 h6 24. f6 1/2-1/2

[Event "Faxe EMT 2001"]
[Site "Faxe"]
[Date "2001.04.18"]
[Round "4"]
[White "Hansen, Erik Friberg"]
[Black "Manly, Arne"]
[Result "1/2-1/2"]
[WhiteElo "1119"]
[BlackElo "1466"]
[PlyCount "62"]
[EventDate "2001.??.??"]

1. d4 Nf6 2. c4 d6 3. Nc3 g6 4. Nf3 Bg7 5. e4 O-O 6. h3 Re8 7. Bd3 b6 8. O-O
Bb7 9. d5 c6 10. Re1 cxd5 11. cxd5 a6 12. Bg5 Nfd7 13. Qd2 Nc5 14. Bc2 Bf6 15.
Rac1 e6 16. Bxf6 Qxf6 17. Qg5 Qg7 18. Rb1 h6 19. Qf4 e5 20. Qe3 Bc8 21. Na4
Nbd7 22. b4 Nxa4 23. Bxa4 b5 24. Bc2 Bb7 25. Bd3 f6 26. g4 Rec8 27. Rbc1 Rxc1
28. Rxc1 Rc8 29. Rxc8+ Bxc8 30. Qc1 Qf8 31. Nh4 Kg7 1/2-1/2

[Event "Faxe EMT 2001"]
[Site "Faxe"]
[Date "2001.04.18"]
[Round "4"]
[White "Hansen, Mogens Egon"]
[Black "Nielsen, Johannes"]
[Result "1-0"]
[WhiteElo "1363"]
[BlackElo "1300"]
[PlyCount "49"]
[EventDate "2001.??.??"]

1. c4 Nf6 2. Nc3 e5 3. Nf3 Nc6 4. g3 d5 5. cxd5 Nxd5 6. a3 Be7 7. Bg2 O-O 8.
O-O f5 9. d3 a6 10. Bd2 b5 11. Nxd5 Qxd5 12. Nxe5 Qxe5 13. Bxc6 Ra7 14. Be3 Bc5
15. d4 Qd6 16. Bf3 Bb6 17. Qb3+ Be6 18. Qc3 c5 19. dxc5 Rc7 20. cxd6 Rxc3 21.
bxc3 Ba5 22. Bd4 Rd8 23. Be5 h6 24. e3 Kh7 25. Rfd1 1-0

[Event "Faxe EMT 2001"]
[Site "Faxe"]
[Date "2001.04.25"]
[Round "5"]
[White "Hansen, Ove Bonnelykke"]
[Black "Liebermann, Alexander"]
[Result "1-0"]
[WhiteElo "1604"]
[BlackElo "1951"]
[PlyCount "99"]
[EventDate "2001.??.??"]

1. e4 e5 2. Nf3 Nc6 3. Bb5 d6 4. O-O Bd7 5. c3 Nf6 6. d3 a6 7. Ba4 Be7 8. Be3
O-O 9. h3 b6 10. b4 a5 11. b5 Nb8 12. c4 h6 13. Nc3 Be6 14. Bb3 Nbd7 15. d4
exd4 16. Nxd4 Nc5 17. Nc6 Qe8 18. Bxc5 bxc5 19. Qe2 Bd7 20. Nxe7+ Qxe7 21. Rfe1
Rfe8 22. Bc2 Qe5 23. Qd3 Qg5 24. Nd5 Nxd5 25. exd5 g6 26. Qc3 Qf4 27. Bd3 Re5
28. Rxe5 dxe5 29. Re1 Re8 30. Re3 e4 31. Be2 h5 32. Qxa5 h4 33. a4 Qd6 34. Qc3
f5 35. f3 Re7 36. a5 Qf4 37. fxe4 fxe4 38. Bf3 Re8 39. Qe1 Bf5 40. a6 g5 41. a7
Ra8 42. Bxe4 Bd7 43. d6 Rxa7 44. Bd5+ Kh8 45. dxc7 Rxc7 46. Rf3 Qd4+ 47. Kh1
Bxb5 48. Rf8+ Kg7 49. Rg8+ Kh7 50. Qb1+ 1-0

[Event "Faxe EMT 2001"]
[Site "Faxe"]
[Date "2001.04.25"]
[Round "5"]
[White "Jensen, Leif"]
[Black "Eckert, Svend"]
[Result "1-0"]
[WhiteElo "2052"]
[BlackElo "1642"]
[PlyCount "59"]
[EventDate "2001.??.??"]

1. e4 c6 2. Nc3 d5 3. Nf3 d4 4. Ne2 c5 5. d3 Nc6 6. g3 e5 7. Bg2 Bd6 8. O-O
Nge7 9. Ne1 Ng6 10. f4 exf4 11. Bxf4 Nge5 12. Bxe5 Nxe5 13. Nf4 Ng4 14. Nd5 O-O
15. Bf3 Ne5 16. Ng2 f5 17. exf5 Nxf3+ 18. Rxf3 Bxf5 19. Qf1 Qd7 20. Rf2 Rae8
21. Re1 Rxe1 22. Qxe1 g6 23. g4 Bxh2+ 24. Kxh2 Qd6+ 25. Kg1 Qxd5 26. gxf5 gxf5
27. Nf4 Qd7 28. Rg2+ Kf7 29. Qh4 Rh8 30. Qh5+ 1-0

[Event "Faxe EMT 2001"]
[Site "Faxe"]
[Date "2001.04.25"]
[Round "5"]
[White "Jensen, Herman"]
[Black "Wehlast, Svend Erik"]
[Result "1-0"]
[WhiteElo "1590"]
[BlackElo "1323"]
[PlyCount "111"]
[EventDate "2001.??.??"]

1. e4 e5 2. Nf3 Nc6 3. Bb5 d6 4. Nc3 a6 5. Ba4 b5 6. Bb3 Nf6 7. Ng5 Be6 8. Nxe6
fxe6 9. Bxe6 Nd4 10. Bh3 Be7 11. d3 c6 12. Ne2 Nxe2 13. Qxe2 Qa5+ 14. Bd2 b4
15. O-O c5 16. a3 Qb5 17. axb4 cxb4 18. Be6 Kd8 19. Qe1 Nd7 20. Bxb4 Rb8 21.
Bc3 Nc5 22. Bc4 Qb7 23. b4 Nd7 24. Bxa6 Qc7 25. Bc4 Nb6 26. Bb3 Kd7 27. Bd2 h5
28. f4 exf4 29. Rxf4 Bf6 30. Rd1 Rhf8 31. Qf1 Rbe8 32. Kh1 Qb8 33. Be3 Be5 34.
Rf7+ Kc6 35. d4 Rxf7 36. Bxf7 Bf6 37. d5+ Kc7 38. Bxb6+ Kxb6 39. Bxe8 Qxe8 40.
Qd3 Be5 41. c4 Qe7 42. Qe3+ Kb7 43. c5 Qh4 44. c6+ Kc8 45. Qh3+ Qxh3 46. gxh3
Kc7 47. Kg2 g5 48. Rf1 Bf4 49. Ra1 Kb8 50. b5 Be3 51. Ra6 g4 52. hxg4 hxg4 53.
b6 g3 54. hxg3 Bd4 55. Ra7 Be5 56. c7+ 1-0

[Event "Faxe EMT 2001"]
[Site "Faxe"]
[Date "2001.04.25"]
[Round "5"]
[White "Andreasen, Per Anthoni"]
[Black "Eriksen, Knud Ejler"]
[Result "1-0"]
[WhiteElo "1538"]
[BlackElo "1166"]
[PlyCount "97"]
[EventDate "2001.??.??"]

1. d4 Nf6 2. c4 e6 3. Nc3 d5 4. Bg5 c6 5. e3 Nbd7 6. Nf3 Be7 7. Bd3 O-O 8. O-O
Re8 9. cxd5 exd5 10. Bf5 h6 11. Bh4 Nf8 12. Bxc8 Qxc8 13. Rc1 Qe6 14. Qc2 Bd6
15. Na4 N8d7 16. Nc5 Nxc5 17. dxc5 Bc7 18. Nd4 Qe4 19. Bxf6 gxf6 20. Qxe4 Rxe4
21. Nf5 Kh7 22. f4 Rg8 23. Rf3 Rg6 24. Rh3 a5 25. b3 d4 26. Nxd4 Bxf4 27. exf4
Rxd4 28. Rf3 f5 29. Re1 Re6 30. Rxe6 fxe6 31. Re3 Re4 32. Rxe4 fxe4 33. Kf2 Kg6
34. g4 h5 35. gxh5+ Kxh5 36. Ke3 Kg6 37. Kxe4 Kf6 38. h4 Kg6 39. Ke5 Kf7 40. h5
Ke7 41. h6 Kf7 42. h7 Kg7 43. Kxe6 Kxh7 44. Kd7 Kg7 45. Kc7 Kf7 46. Kxb7 Ke6
47. Kxc6 Ke7 48. Kb7 Kd7 49. c6+ 1-0

[Event "Faxe EMT 2001"]
[Site "Faxe"]
[Date "2001.04.25"]
[Round "5"]
[White "Hansen, Knud"]
[Black "Refsgaard, Kaj"]
[Result "1-0"]
[WhiteElo "1763"]
[BlackElo "1692"]
[PlyCount "63"]
[EventDate "2001.??.??"]

1. e4 c5 2. Bc4 e6 3. a3 Nc6 4. d3 g6 5. h3 Bg7 6. Nf3 b5 7. Ba2 Bb7 8. O-O Qc7
9. Nbd2 Nge7 10. Re1 O-O 11. Nf1 f5 12. exf5 Nxf5 13. c3 Ne5 14. Nxe5 Bxe5 15.
Qg4 Bf6 16. Bf4 Qc6 17. Nd2 Rf7 18. Ne4 Raf8 19. Re2 Be7 20. Be5 Nh6 21. Qg3
Rf5 22. f3 d5 23. Bd6 Qe8 24. Bxe7 Qxe7 25. Nd2 Rg5 26. Qf2 Qf6 27. Rae1 Bc8
28. Qxc5 Qf5 29. Kh1 Qxd3 30. Bb1 Qxe2 31. Rxe2 Nf5 32. Bxf5 1-0

[Event "Faxe EMT 2001"]
[Site "Faxe"]
[Date "2001.04.25"]
[Round "5"]
[White "Toftvang, Ove"]
[Black "Nielsen, Poul Erik2"]
[Result "0-1"]
[WhiteElo "1202"]
[BlackElo "1399"]
[PlyCount "78"]
[EventDate "2001.??.??"]

1. d4 d5 2. Nf3 g6 3. e3 Bg7 4. h3 Nf6 5. Nc3 a6 6. Bd3 O-O 7. O-O Re8 8. Re1
Nc6 9. a3 e5 10. Nxe5 Nxe5 11. dxe5 Rxe5 12. Na2 Re8 13. c3 Be6 14. b3 c5 15.
Bb2 Qb6 16. Bc2 Rad8 17. Qe2 d4 18. Nc1 dxe3 19. c4 Rd2 20. Qxe3 Rxc2 21. Bxf6
Bxf6 22. Ra2 Rxa2 23. Nxa2 Bd7 24. Qd2 Rxe1+ 25. Qxe1 Qxb3 26. Nc1 Qxc4 27. Kh2
Bb2 28. Ne2 Bxa3 29. Ng3 Qe6 30. Qb1 Bc6 31. f3 Qe5 32. h4 Bb4 33. Qc1 Be1 34.
f4 Bxg3+ 35. Kxg3 Qd4 36. Qf1 Qe4 37. Qf2 Qxg2+ 38. Qxg2 Bxg2 39. Kxg2 a5 0-1

[Event "Faxe EMT 2001"]
[Site "Faxe"]
[Date "2001.04.25"]
[Round "5"]
[White "Karstensen, Preben"]
[Black "Jensen, Niels"]
[Result "0-1"]
[WhiteElo "1647"]
[BlackElo "1277"]
[PlyCount "142"]
[EventDate "2001.??.??"]

1. d4 d5 2. c4 Bf5 3. e3 Nf6 4. Nf3 Nc6 5. Nc3 h6 6. cxd5 Nxd5 7. a3 e6 8. Bb5
a6 9. Bxc6+ bxc6 10. Ne5 Ne7 11. O-O f6 12. Nc4 Nc8 13. Na5 Qd7 14. e4 Bh7 15.
b4 Bd6 16. Be3 Na7 17. Rc1 Qf7 18. f3 O-O 19. Ne2 Rfe8 20. Nxc6 Nxc6 21. Rxc6
Red8 22. Qb3 Re8 23. Bf4 e5 24. Qxf7+ Kxf7 25. Bd2 Bg6 26. d5 Kg8 27. Rfc1 Rec8
28. R6c2 f5 29. Ng3 f4 30. Ne2 Be8 31. Nc3 Bb5 32. Nxb5 axb5 33. Ra2 Ra6 34.
Rca1 c6 35. Kf1 cxd5 36. exd5 Rc4 37. Ke2 Rd4 38. h3 Rxd5 39. a4 Be7 40. a5
Rdd6 41. Rc1 Re6 42. Rac2 Bg5 43. Rc5 e4 44. fxe4 Rxe4+ 45. Kf3 Rd4 46. Bc3
Rd3+ 47. Ke4 Re3+ 48. Kf5 Rd6 49. Bxg7 Kxg7 50. Rc7+ Re7 51. Rxe7+ Bxe7 52.
Kxf4 Rf6+ 53. Kg4 Bxb4 54. Rc7+ Kg6 55. Rb7 h5+ 56. Kg3 Bd6+ 57. Kh4 Rf4+ 58.
g4 hxg4 59. hxg4 Bc5 60. Rxb5 Rc4 61. Rb3 Be7+ 62. Kh3 Ra4 63. Rb6+ Kg5 64. a6
Kf4 65. Rb7 Ra3+ 66. Kg2 Bc5 67. Rc7 Bb6 68. Rf7+ Kxg4 69. Rg7+ Kf5 70. Rg3
Rxa6 71. Rb3 Ra2+ 0-1

[Event "Faxe EMT 2001"]
[Site "Faxe"]
[Date "2001.04.25"]
[Round "5"]
[White "Bigum, Vagn"]
[Black "Lund, Gunnar"]
[Result "1-0"]
[WhiteElo "1000"]
[BlackElo "1300"]
[PlyCount "61"]
[EventDate "2001.??.??"]

1. f4 e6 2. Nf3 Nc6 3. e3 h6 4. Bb5 Nge7 5. Bxc6 Nxc6 6. b3 Be7 7. Bb2 Bf6 8.
d4 d5 9. O-O Ne7 10. Qe2 a6 11. Nbd2 Ng6 12. Ba3 Bd7 13. Ne5 Nxe5 14. fxe5 Be7
15. Bxe7 Qxe7 16. Rf2 O-O-O 17. c4 Be8 18. a3 g5 19. Rf6 h5 20. b4 Qf8 21. Raf1
Rh6 22. Qf3 g4 23. Qf4 Rxf6 24. Qxf6 Qg8 25. Qh4 Qh7 26. Rf6 dxc4 27. Nxc4 Qb1+
28. Rf1 Qg6 29. Rc1 Bb5 30. Nd6+ Kb8 31. Qxd8+ 1-0

[Event "Faxe EMT 2001"]
[Site "Faxe"]
[Date "2001.04.25"]
[Round "5"]
[White "Hansen, Erik Friberg"]
[Black "Hansen, Mogens Egon"]
[Result "0-1"]
[WhiteElo "1119"]
[BlackElo "1363"]
[PlyCount "96"]
[EventDate "2001.??.??"]

1. d4 Nf6 2. c4 e6 3. Nc3 Bb4 4. Bd2 O-O 5. Nf3 Nc6 6. e3 Be7 7. a3 d5 8. cxd5
exd5 9. Bd3 Be6 10. O-O a6 11. Qc2 Bd6 12. Rfe1 Ne7 13. e4 dxe4 14. Nxe4 Ned5
15. Nxf6+ Nxf6 16. Ng5 Re8 17. Bxh7+ Kf8 18. Nxe6+ fxe6 19. Bg6 Re7 20. Bg5 Qd7
21. Qd3 Qb5 22. Qf3 Qxg5 23. Qxb7 Rd8 24. Bd3 a5 25. Bc4 Kf7 26. Qb3 Nd5 27.
Bxd5 exd5 28. Qf3+ Qf4 29. Qxd5+ Kf8 30. Qh5 Qh6 31. Qxh6 gxh6 32. Rxe7 Bxe7
33. Rd1 Bf6 34. d5 Bxb2 35. a4 Be5 36. g3 c6 37. f4 Bc7 38. Kf2 Rxd5 39. Rxd5
cxd5 40. Ke3 Bb6+ 41. Kf3 d4 42. Ke2 Ke7 43. h3 Kf6 44. Kd3 Kf5 45. h4 Bc5 46.
Ke2 Ke4 47. Kd2 Bb4+ 48. Ke2 d3+ 0-1

[Event "Faxe EMT 2001"]
[Site "Faxe"]
[Date "2001.04.25"]
[Round "5"]
[White "Nielsen, Johannes"]
[Black "Manly, Arne"]
[Result "0-1"]
[WhiteElo "1300"]
[BlackElo "1466"]
[PlyCount "108"]
[EventDate "2001.??.??"]

1. Nf3 d5 2. d4 g6 3. g3 Bg7 4. Bg2 Nc6 5. c3 Nf6 6. Ne5 Bf5 7. Nxc6 bxc6 8.
Nd2 Nd7 9. O-O O-O 10. b4 e5 11. Bb2 e4 12. e3 Nf6 13. Rc1 Qc8 14. c4 Bh3 15.
Ba3 Rd8 16. Rb1 Bxg2 17. Kxg2 h5 18. f3 Qa6 19. Qb3 Rab8 20. Qc3 Qc8 21. Rf2
exf3+ 22. Rxf3 Re8 23. Rbf1 Re6 24. Bc1 Qd7 25. a3 Rbe8 26. c5 Ng4 27. Re1 Bh6
28. Nf1 f5 29. h3 Nf6 30. Qd3 R8e7 31. Qb3 Bg7 32. Nd2 Nh7 33. h4 Bxd4 34. e4
fxe4 35. Rff1 Rf7 36. Bb2 Bxb2 37. Qxb2 Ref6 38. Rxf6 Nxf6 39. Nf1 d4 40. Qd2
Qd5 41. Kg1 Ng4 42. Qg5 Qxg5 43. hxg5 e3 44. Nh2 Nxh2 45. Kxh2 Re7 46. Kg2 d3
47. Kf3 d2 48. Ke2 dxe1=Q+ 49. Kxe1 Rd7 50. a4 Rd2 51. b5 cxb5 52. axb5 Kf7 53.
b6 axb6 54. cxb6 cxb6 0-1

[Event "Faxe EMT 2001"]
[Site "Faxe"]
[Date "2001.05.02"]
[Round "6"]
[White "Jensen, Herman"]
[Black "Jensen, Leif"]
[Result "0-1"]
[WhiteElo "1590"]
[BlackElo "2052"]
[PlyCount "54"]
[EventDate "2001.??.??"]

1. e4 e6 2. d4 d5 3. Nc3 dxe4 4. Nxe4 Bd7 5. Nf3 Bc6 6. Bd3 Bxe4 7. Bxe4 c6 8.
O-O Nf6 9. Bg5 Be7 10. Bd3 Nbd7 11. c3 Nd5 12. Bxe7 Qxe7 13. Qc2 h6 14. Rae1
O-O 15. Qb3 Qd6 16. g3 Qc7 17. Re2 Rfd8 18. Rfe1 N5f6 19. Nh4 c5 20. Qc4 Rac8
21. Rxe6 Nb6 22. Rxb6 axb6 23. Ng6 b5 24. Ne7+ Qxe7 25. Rxe7 bxc4 26. Bf5 cxd4
27. cxd4 Rb8 0-1

[Event "Faxe EMT 2001"]
[Site "Faxe"]
[Date "2001.05.02"]
[Round "6"]
[White "Andreasen, Per Anthoni"]
[Black "Hansen, Ove Bonnelykke"]
[Result "1/2-1/2"]
[WhiteElo "1538"]
[BlackElo "1604"]
[PlyCount "51"]
[EventDate "2001.??.??"]

1. d4 Nf6 2. c4 g6 3. Nc3 Bg7 4. e4 d6 5. f3 O-O 6. Bd3 Nbd7 7. Nge2 c5 8. d5
a6 9. O-O Ne5 10. Bc2 Nxc4 11. b3 Ne5 12. f4 Ned7 13. f5 Ne5 14. Bf4 Nh5 15.
fxg6 hxg6 16. Qd2 Nxf4 17. Nxf4 Ng4 18. h3 Bd4+ 19. Kh1 Ne3 20. Rf3 Nxc2 21.
Qxc2 Kg7 22. Raf1 Qe8 23. Nxg6 fxg6 24. Rxf8 Qxf8 25. Rxf8 Kxf8 26. Ne2 1/2-1/2